La sucursal algunos aspectos de su rǧimen jurd̕ico /

Bibliographic Details
Main Author: Rueda Martn̕ez, Jos ̌Alejo
Format: Unknown
Language:Spanish
Published: Barcelona : Jos ̌Ma. Bosch, 1990
Subjects:
Online Access:Acceso restringido

MARC

LEADER 00000ny a22000003n 4500
005 20110616124042.0
008 960315s1990 sp s 000 0 spa c
017 |a B39790-1989 
020 |a 8476980930 
035 |a 1187 
040 |a UCM.CEE  |d vLex 
040 |a UMA.RE  |d vLex 
080 |a 347.721 
090 |c 768  |d 768 
100 1 |a Rueda Martn̕ez, Jos ̌Alejo 
245 1 3 |a La sucursal  |h [Recurso electrn̤ico]  |b algunos aspectos de su rǧimen jurd̕ico /  |c Jos ̌Alejo Rueda Martn̕ez 
256 |a Servicio en ln̕ea 
260 |a Barcelona :  |b Jos ̌Ma. Bosch,  |c 1990 
300 |a 120 p. ;  |c 21 cm 
504 |a Bibliogr.: p. 101-106 
504 |a Índice 
506 1 |a Contenido solo disponible en los productos indicados  |d vLex Global  |d vLex Global (Academic Edition, excluding Law Schools)  |d vLex Global (U.S. Academic Edition, Law Schools)  |d vLex Global (U.S. Academic Edition, excluding Law Schools)  |d vLex Global (Academic Edition, Law Schools) 
650 0 7 |a Sucursal social  |2 Tesauro vLex 
650 0 7 |a Societario  |2 Tesauro vLex 
650 0 7 |a Derecho de sociedades  |2 Tesauro vLex 
650 0 7 |a Sucursales  |2 Tesauro vLex 
740 0 |a vLex Libros (Servicios en ln̕ea) 
856 4 0 |u http://vlex.com/source/1187  |z Acceso restringido 
942 |c BOOK 
999 0 |a Corporation law  |b Barcelona